អានុភាពរបស់អ្នកឈ្នះ, (Record no. 25662)

000 -LEADER
fixed length control field 00346nam a22001217a 4500
040 ## - CATALOGING SOURCE
Transcribing agency RUA
082 ## - DEWEY DECIMAL CLASSIFICATION NUMBER
Classification number A209 ឯក 2017 C160 Or.1
100 ## - MAIN ENTRY--AUTHOR NAME
Personal name ឯក លាភី
245 ## - TITLE STATEMENT
Title អានុភាពរបស់អ្នកឈ្នះ,
260 ## - PUBLICATION, DISTRIBUTION, ETC. (IMPRINT)
Place of publication PHNOM PENH
Name of publisher RUA
Year of publication 2017
300 ## - PHYSICAL DESCRIPTION
Number of Pages 149p.
Other physical details ill.
Dimensions 22cm.
942 ## - ADDED ENTRY ELEMENTS (KOHA)
Koha item type អភិវឌ្ឍន៍សម្ថភាព
952 ## - LOCATION AND ITEM INFORMATION (KOHA)
Withdrawn status [LOCAL, KOHA] 0
Holdings
Permanent Location Date acquired Koha item type Lost status Shelving location Barcode Current Location Full call number
Library Block C2026-04-06អភិវឌ្ឍន៍សម្ថភាព C160B7121034Library Block CA209 ឯក 2017 C160 Or.1
មជ្ឈមណ្ឌលឯការនៃសាកលវិទ្យាល័យភូមិន្ទកសិកម្មចំការដូង

Powered by Koha